000 00639nam a22001697a 4500
003 SGT
020 _a9789350714874
082 _a657,JHA
100 _aJHA,ARUNA
245 _aAUDITING
250 _a2ND
260 _aNEW DELHI
_bTAXMANN
_c2014
300 _a265
650 _aACCOUNTING, AUDITING
700 _aINTRODUCTION,TYPES OF AUDIT,AUDIT PLANNING AND DOCUMENTATION,INTERNAL CONTROL SYSTEM,EVIDENCE IN AUDITING, VOUCHING,VERIFICATION OF ASSETS, VERIFICATION OF LIABILITIES, COMPANY AUDITOR : APPOINTMENT AND REMOVAL, RIGHTS AND DUTIES OF A COMPANY AUDITOR,LIABILITIES OF AUDITOR,COST AUDITMANAGEMENT AUDIT
942 _2ddc
_cFCM
_075
999 _c9221
_d9221